000 01134nam a22003257a 4500
003 CHAP
005 20220329140247.0
008 971013s1983 r 00010 d
010 _a49367
011 _a50339
035 _a54489
040 _cCHAP
090 _aTesis
100 0 0 _aFarías Mackey, Francisco Javier.
_939790
245 _aEstimación de la respuesta inmunológica en vaquillas sensibilizadas por relación al índice de concepción
260 _aMonterrey, N. L. :
_bEl autor,
_c1983
300 _a65 h.
_b: ilus. ; tablas
502 _aTesis (Ing. Agr. Zootecnista) -- ITESM. Div. de Ciencias Agropecuarias y Marítimas
590 _aALEPH
_b10
_c20130110
_lUCH01
_h1322
590 _aBATCH-UPD
_b10
_c20130110
_lUCH01
_h0917
590 _aBATCH-UPD
_b10
_c20130410
_lUCH01
_h0540
590 _aBATCH-UPD
_b10
_c20130914
_lUCH01
_h1524
590 _aCONVERSION
_b10
_c20130109
_lUCH01
_h1327
650 1 4 _aGanado vacuno
_xFecundidad.
_945466
650 1 4 _aInseminación artificial.
_958964
650 1 4 _aSemen
_xGanado vacuno.
_9103865
901 _aBK
942 _cTESIS
949 _bBC
_cTES
_d-120206
_eTS1
_i54489
_si
999 _c49367
_d49367